| 000 | 00699cam a2200145 4500500 | ||
|---|---|---|---|
| 005 | 20260208010125.0 | ||
| 041 | _afre | ||
| 042 | _adc | ||
| 100 | 1 | 0 |
_aAutrand, Michel _eauthor |
| 245 | 0 | 0 | _aPAUL CLAUDEL-LOUIS MASSIGNON, Correspondance 1908-1953. Nouvelle édition renouvelée (1908-1914) et augmentée (1915-1953), établie, pré sentée et annotée par DOMINIQUE MILLET-GÉRARD. Paris, Gallimard, 2012. Un vol. de 527 p. |
| 260 | _c2013. | ||
| 500 | _a68 | ||
| 786 | 0 | _nRevue d'histoire littéraire de la France | 113 | 2 | 2013-05-28 | p. 439y-488y | 0035-2411 | |
| 856 | 4 | 1 | _uhttps://shs.cairn.info/revue-d-histoire-litteraire-de-la-france-2013-2-page-439y?lang=fr&redirect-ssocas=7080 |
| 999 |
_c1655227 _d1655227 |
||